书目信息 |
| 题名: |
计算机组成原理习题与解析
|
|
| 作者: | 徐爱萍 编著 | |
| 分册: | ||
| 出版信息: | 北京 清华大学出版社 2007.04 |
|
| 页数: | 414页 | |
| 开本: | 26cm | |
| 丛书名: | ||
| 单 册: | ||
| 中图分类: | TP303 | |
| 科图分类: | ||
| 主题词: | 计算技术 , 电子计算机 | |
| 电子资源: | ||
| ISBN: | 978-7-302-14771-8 | |
| 000 | 00673nam0 2200217 450 | |
| 001 | 0859735119 | |
| 005 | 20080303163715.43 | |
| 010 | @a978-7-302-14771-8@dCNY33.00 | |
| 100 | @a20080303d2007 km y0chiy0120 ea | |
| 101 | 0 | @achi |
| 102 | @aCN@b110000 | |
| 200 | 1 | @a计算机组成原理习题与解析@Aji suan ji zu cheng yuan li xi ti yu jie xi@e第三版@f徐爱萍 编著@Fxu ai ping bian zhu |
| 210 | @a北京@c清华大学出版社@d2007.04 | |
| 215 | @a414页@d26cm | |
| 517 | 1 | @a第三版@Adi san ban |
| 606 | 0 | @a计算技术 |
| 606 | 0 | @a电子计算机 |
| 690 | @aTP303@v4 | |
| 701 | 0 | @a徐爱萍@Axu ai ping@4编著 |
| 801 | 0 | @aCN@b大连网信软件有限公司图书馆·11@c20080303 |
| 905 | @aZUCC@dTP303@eX670 | |
| 计算机组成原理习题与解析:第三版/徐爱萍 编著.-北京:清华大学出版社,2007.04 |
| 414页;26cm |
| ISBN 978-7-302-14771-8:CNY33.00 |
| ● |
| 相关链接 |
|
|
|
正题名:计算机组成原理习题与解析
索取号:TP303/X670
 
预约/预借
| 序号 | 登录号 | 条形码 | 馆藏地/架位号 | 状态 | 备注 |
| 1 | 479683 | 204796836 | 计算机与数据科学学院资料室/ [索取号:TP303/X670] | 在馆 |